| 000 | 00942nam a22002537a 4500 | ||
|---|---|---|---|
| 999 |
_c63313 _d63313 |
||
| 005 | 20240530110634.0 | ||
| 008 | 170918s2014 ua f b 000 0 ara d | ||
| 017 | _bمصر. دار الكتب | ||
| 020 | _a9789772122231 | ||
| 040 |
_aEG-CaGPL _cEG-CaGPL |
||
| 082 | 0 | 4 |
_221 _a155.4 / _bم م |
| 100 | 0 | _aمها عبدالعزيز | |
| 245 | 1 | 0 |
_aمشكلات الاطفال : _bالسلوكية - التعليمية - الصحية / _cمها عبدالعزيز |
| 260 |
_aالاسكندرية : _bمؤسسة شباب الجامعة ، _c2014. |
||
| 300 |
_a231 ص. ؛ _c24 سم. |
||
| 650 | 0 | 7 |
_2qrmak _aعلم النفس التربوى |
| 650 | 0 | 7 |
_2qrmak _aتعليم الاطفال |
| 650 | 0 | 7 |
_2qrmak _aالاطفال _xعلم النفس |
| 650 | 0 | 7 |
_2qrmak _aالاطفال _xرعاية صحية |
| 650 | 0 | 4 |
_aالاطفال _xسلوك _2qrmak |
| 651 | _2qrmak | ||
| 942 |
_2ddc _cBK |
||